000 00275nam a22001097a 4500
008 170120b xxu||||| |||| 00| 0 eng d
020 _a9781582550824
041 _aeng
080 _23RD
_a618.2
245 _aILLUSTRATED MANUAL OF NURSING PRACTICE
_cNAYLOR, M.D
942 _2udc
_cBK
999 _c3330
_d3330